Who Wants To Be A Millionaire - 'Coughing Major' Questions - Statistics

General Stats
  • This quiz has been taken 9 times
    6 since last reset
  • The average score is 8 of 15
Answer Stats
Question Answer % Correct
£200: What name is given to a person who is against increasing the powers of the European Union?
♦ A: Eurosceptic
100%
£1 MILLION: A number one followed by one hundred zeros is known by what name?
♦ A: Googol
67%
£100: On which would you air laundry?
♦ B: Clothes Horse
67%
£2,000: In 'Coronation Street', who is Audrey's daughter?
♦ B: Gail
67%
£8,000: Who was the second husband of Jacqueline Kennedy?
♦ C: Aristotle Onassis
67%
£500: Which of these is the nickname for a famous Scottish army regiment?
♦ D: Black Watch
67%
£1,000 (Checkpoint): The Normans, who invaded and conquered England in 1066, spoke which language?
♦ C: French
50%
£4,000: The River Foyle is found in which part of the United Kingdom?
♦ C: Northern Ireland
50%
£300: What is butterscotch?
♦ D: Brittle toffee
50%
£16,000: Emmental is a cheese from which country?
♦ D: Switzerland
50%
£32,000 (Checkpoint): Who had a hit UK album with 'Born To Do It', released in 2000?
♦ D: Craig David
33%
£64,000: Gentlemen v Players was an annual match between amateurs and professionals of which sport?
♦ D: Cricket
33%
£250,000: What type of garment is an Anthony Eden?
♦ B: Hat
17%
£125,000: 'The Ambassadors', in the National Gallery, is a painting by which artist?
♦ B: Holbein
17%
£500,000: Baron Haussmann is best known for his planning of which city?
♦ B: Paris
17%
No matching quizzes found
Score Distribution
Percent of People with Each Score
Percentile by Number Answered
Your Score History
You have not taken this quiz since the last reset